| 000 | 00765cam a2200265 4500 | ||
|---|---|---|---|
| 008 | 090401t1996 xxu||||| |||| 00| 0 eng d | ||
| 020 | _a0860174417 | ||
| 035 | _a(Sirsi) u57934 | ||
| 041 | _aeng | ||
| 050 | _a658.99 | ||
| 100 | _aGodfrey, Patrick S. | ||
| 245 | _aControl of risk : a guide to the systematic management of risk from construction. | ||
| 260 |
_aLondon _bCIRIA _c1996 |
||
| 300 | _a66p. ; 30cm. | ||
| 350 | _a0 | ||
| 490 |
_aCIRIA Special Publication _v125 |
||
| 650 | _aCONSTRUCTION INDUSTRY | ||
| 650 | _aRISK ANALYSIS | ||
| 650 | _aRISK ASSESSMENT | ||
| 650 | _aRISK MANAGEMENT | ||
| 690 | _aBUILT ENVIRONMENT | ||
| 710 |
_aConstruction Industry Research and Information Association _94810 |
||
| 942 | _n0 | ||
| 948 | _c04/03/1997 | ||
| 999 |
_c93995 _d93995 |
||